Online Catalogue and eLibrary

Life and Works of Saadat Hasan Manto (Record no. 5709)

MARC details
000 -LEADER
fixed length control field 00620nam a2200157Ia 4500
005 - DATE AND TIME OF LATEST TRANSACTION
control field 20250107021245.0
008 - FIXED-LENGTH DATA ELEMENTS--GENERAL INFORMATION
fixed length control field 240331s9999 xx 000 0 und d
020 ## - INTERNATIONAL STANDARD BOOK NUMBER
ISBN 8185952485
082 ## - DDC Classification
Item Number - Author Mark LIF
Class No. 950
245 #0 - TITLE STATEMENT
Title Life and Works of Saadat Hasan Manto
260 ## - PUBLICATION, DISTRIBUTION, ETC.
Place of publication, distribution, etc. Shimla
Name of publisher, distributor, etc. Indian Institute of Advanced Study
Date of publication, distribution, etc. 1997
300 ## - PHYSICAL DESCRIPTION
Extent (e.g. Volumes, Pages etc.) xii, 219 p .,
500 ## - GENERAL NOTE
General note This volume brings together a collection of essays by literary critics, historians and sociologists presented at a seminar on the life and works of Saadat Hasan Manto held at the Institute of Advanced study in 1996.
700 ## - ADDED ENTRY--PERSONAL NAME
Personal name Bhalla, A.
Relator term (Role) Editor
942 ## - Koha item type (Biblio)
Koha item type Books in Stacks (Lending)
Holdings
Lost status Damaged status Collection code Home library Current library Shelving location Date acquired Full call number Accession Number Item type
    Lending WERC Library WERC Library Social Science Cupboard 03/31/2024 950 LIF 6728 Books in Stacks (Lending)

© WERC Library